Bài tập lịch sử 10 : Nâng cao
Guardat en:
| Autor principal: | |
|---|---|
| Format: | Llibre |
| Idioma: | Undetermined |
| Publicat: |
Hà Nội
Giáo dục
2009
|
| Matèries: | |
| Etiquetes: |
Afegir etiqueta
Sense etiquetes, Sigues el primer a etiquetar aquest registre!
|
| Thư viện lưu trữ: | Trung tâm Học liệu Trường Đại học Cần Thơ |
|---|
| LEADER | 00628nam a2200217Ia 4500 | ||
|---|---|---|---|
| 001 | CTU_182571 | ||
| 008 | 210402s9999 xx 000 0 und d | ||
| 020 | |c 9000 | ||
| 082 | |a 907.12 | ||
| 082 | |b V600 | ||
| 100 | |a Nghiêm, Đình Vy | ||
| 245 | 0 | |a Bài tập lịch sử 10 : | |
| 245 | 0 | |b Nâng cao | |
| 245 | 0 | |c Nghiêm Đình Vy chủ biên ... [et al.] | |
| 260 | |a Hà Nội | ||
| 260 | |b Giáo dục | ||
| 260 | |c 2009 | ||
| 650 | |a History,Lịch sử | ||
| 650 | |x Study and teaching,Học và giảng dạy | ||
| 904 | |i Tuyến | ||
| 980 | |a Trung tâm Học liệu Trường Đại học Cần Thơ | ||